Bytový dom

Saved in:
Bibliographic Details
Main Author: Sakal, Vadym (Author)
Other Authors: Hanko, Martin (Thesis advisor)
Format: Manuscript Book
Language:Slovak
Published: 2025
Subjects:
Online Access:http://is.stuba.sk/zp/portal_zp.pl?podrobnosti=192276
CRZP
Tags: Add Tag
No Tags, Be the first to tag this record!

MARC

LEADER 00000ntm a22000003a 4500
001 stuzp104800
003 SK-STU
005 20250729105752.3
007 ta
008 150427s2015----xo-----f-mn---000-0-slo-d
040 |a STU  |b slo 
041 0 |a slo 
100 1 |a Sakal, Vadym  |u 010270  |4 aut  |U SvF Stavebná fakulta  |T SvF Katedra technológie stavieb  |X 114986  |U V270  |Y 28  |7 114986 
242 0 1 |a Residential House  |y eng 
245 1 0 |a Bytový dom 
260 |c 2025 
650 4 |a Sadrokartónový podhľad  |2 slo 
650 4 |a Projekt organizácie výstavby  |2 slo 
650 4 |a Bytový dom  |2 slo 
650 4 |a Necessary machinery  |2 eng 
650 4 |a Residential House  |2 eng 
650 4 |a Construction organization project  |2 eng 
700 1 |a Hanko, Martin  |u 010270  |k Z1  |4 ths  |U SvF Stavebná fakulta  |T SvF Katedra technológie stavieb  |X 49405  |U V270  |Y 28  |7 A000049405 
856 4 |u http://is.stuba.sk/zp/portal_zp.pl?podrobnosti=192276 
856 4 |u https://opac.crzp.sk/?fn=detailBiblioForm&sid=C9A1C75A261DD259FC884D1E26A3  |z CRZP